Oxford Dictionaries Top 1000 English Words - 80 Start with C - Statistics

General Stats
  • This quiz has been taken 6,938 times
  • The average score is 26 of 80
Answer Stats
C % Correct
Can
97%
Car
93%
Come
84%
Call
80%
Could
74%
Care
69%
Case
59%
Cut
58%
Card
55%
Choose
55%
Change
53%
Cost
51%
Clear
50%
Close
48%
Create
47%
Cell
46%
Child
44%
Country
43%
Cause
42%
Court
42%
Cover
41%
Cannot
40%
Catch
40%
City
40%
Carry
39%
Choice
39%
Chance
38%
Class
38%
Check
37%
Charge
35%
Claim
34%
Common
34%
Course
33%
Centre
32%
Colour
32%
Computer
32%
Compare
31%
Company
30%
Certain
29%
Crime
29%
Complete
27%
Contain
27%
Church
26%
Comment
26%
Challenge
25%
Continue
25%
Century
24%
Central
23%
Competition
23%
Capital
22%
Collection
22%
Community
22%
Club
21%
Contact
21%
Certainly
20%
Consider
20%
Content
20%
Couple
20%
Control
19%
Credit
19%
College
18%
Concern
18%
Character
17%
Chief
17%
Contract
17%
Campaign
16%
Career
16%
Committee
16%
Condition
16%
Conduct
16%
Current
16%
Customer
15%
Clearly
14%
Candidate
13%
Complex
13%
Council
13%
Coach
12%
Completely
12%
Culture
12%
Currently
11%
No matching quizzes found
Score Distribution
Percent of People with Each Score
Percentile by Number Answered
Your Score History
You have not taken this quiz